00867nam a2200241 a 4500001001000000003000500010005001700015008004100032010001100073011001100084020001800095040000900113100003500122245013600157260004600293300001700339490006100356650003700417650003500454650004200489700003300531830006100564000116255CHAP20220329144608.0191015s2018 mx a |r| |||||||spa d a112716 a113688 a9786071205353 cCHAP1 aLópez Hernández, Héctor.10aImpacto de hemileia vastatrix en el cultivo orgánico del café /cpor Héctor López Hernández y Pablo Iván Lara Maturano. aMexico :bUACH.bCENACAFE.bUNAM.,c2018. a32 p. :bil. aCENACAFE. Investigación y trasferencia de tecnología14aCaféxEnfermedades por hongos.14aControl biológico de hongos.14aRoya del caféxControl biológico.1 aLara Maturano, Pablo Iván. 0aCENACAFE. Investigación y trasferencia de tecnología